Informe de la Reunión

Salvato in:
Dettagli Bibliografici
Ente Autore: FLACSO
Natura: testo
Pubblicazione: San José: FLACSO
Tags: Aggiungi Tag
Nessun Tag, puoi essere il primo ad aggiungerne!!

MARC

LEADER 00000 a a2200000 04500
001 21677
003
040
090 |a 096700  
110 |a FLACSO  
245 |a Informe de la Reunión  
260 |a San José:   |b FLACSO  
300 |a p. irr.  
999 |c 5288  |d 5288